01078nam a2200289Ia 4500001001100000003000800011006001900019007001500038008004100053040002100094035002000115050002500135082001900160100002800179245004900207250001200256260004900268300002300317504005100340533015200391650002300543650003400566655002900600710001700629856012500646999001700771ebr5003152CaPaEBRm u cr cn|||||||||950213s1995 txua sb 001 0 eng d aCaPaEBRcCaPaEBR a(OCoLC)4980331814aKF250b.L39 1995ebeb04a808/.066342201 aLeClercq, Terri,d1946-10aExpert legal writingh[electronic resource]. a1st ed. aAustin :bUniversity of Texas Press,cc1995. axii, 200p. :bill. aIncludes bibliographical references and index. aElectronic reproduction.bPalo Alto, Calif. :cebrary,d2009.nAvailable via World Wide Web.nAccess may be limited to ebrary affiliated libraries. 0aLegal composition. 0aLawzUnited StatesxLanguage. 7aElectronic books.2local2 aebrary, Inc.40uhttp://site.ebrary.com/lib/rucke/Doc?id=5003152zAn electronic book accessible through the World Wide Web; click to view c16785d16785